Loading...
| Literature - American | 0 | 6 | 1 | 1 | 55 | 46 | 85.00 | 1 | 5 | 0.00 | 0.00 |
| Philosophy | 0 | 5 | 0 | 0 | 50 | 60 | 81.40 | 2 | 5 | 0.00 | 0.00 |
| Literature - British | 0 | 5 | 1 | 0 | 45 | 48 | 73.40 | 2 | 4 | 0.00 | 0.00 |
| Literature - World | 0 | 4 | 0 | 0 | 40 | 54 | 70.00 | 1 | 3 | 0.00 | 0.00 |
| Science - Physics | 0 | 2 | 0 | 0 | 20 | 47 | 60.50 | 2 | 2 | 0.00 | 0.00 |
| Mythology | 0 | 2 | 0 | 0 | 20 | 21 | 52.00 | 1 | 1 | 0.00 | 0.00 |
| Science - Other | 0 | 2 | 1 | 0 | 15 | 44 | 51.00 | 2 | 2 | 0.00 | 0.00 |
| Social Science | 0 | 1 | 0 | 0 | 10 | 55 | 55.00 | 1 | 1 | 0.00 | 0.00 |
| History - European | 0 | 1 | 0 | 0 | 10 | 55 | 55.00 | 1 | 1 | 0.00 | 0.00 |
| History - American | 0 | 1 | 0 | 0 | 10 | 63 | 63.00 | 1 | 1 | 0.00 | 0.00 |
| Literature - European | 0 | 1 | 1 | 0 | 5 | 51 | 51.00 | 1 | 1 | 0.00 | 0.00 |